Capital of Australian States - Statistics

General Stats
  • This quiz has been taken 68 times
  • The average score is 8 of 8
Answer Stats
Division State / Territory Capital % Correct
State Victoria Melbourne
100%
Internal Territory Australian Capital Territory Canberra
98%
State Queensland Brisbane
96%
State Western Australia Perth
96%
State New South Wales Sydney
96%
State South Australia Adelaide
93%
Internal Territory Northern Territory Darwin
93%
State Tasmania Hobart
87%
No matching quizzes found
Score Distribution
Percent of People with Each Score
Percentile by Number Answered
Your Score History
You have not taken this quiz